000 00536nam a2200157Ia 4500
008 130821s1965 mx gr spa
040 _aCo-BoUCM
_bspa
041 _aspa
245 0 0 _aGran crónica de la segunda guerra mundial relaciones del Reader's Digest
260 _aMéxico D.F. (México)
_bReader's Digest
_c1965
300 _a3 volúmenes
650 0 4 _aGuerra Mundial II, 1939 -1945
_d1939-1945
650 0 4 _aHistoria de Europa
_926509
942 _cLIBRO
_a21
_e1
_mG71
_2DEWEY
_h940.53
999 _c18312
_d18312